Maigret y el hombre del banco / (Record no. 144586)

MARC details
000 -LEADER
campo de control de longitud fija 00638nam a2200205 4500
001 - NÚMERO DE CONTROL
campo de control 144586
003 - IDENTIFICADOR DE NÚMERO DE CONTROL
campo de control ES-MaACL
005 - FECHA Y HORA DE LA ÚLTIMA TRANSACCIÓN
campo de control 20250814063237.0
007 - CAMPO FIJO DE DESCRIPCIÓN FÍSICA--INFORMACIÓN GENERAL
campo de control de longitud fija t|
008 - DATOS DE LONGITUD FIJA--INFORMACIÓN GENERAL
campo de control de longitud fija 070214s1956 sp r ||||1| spa d
100 1# - ENTRADA PRINCIPAL--NOMBRE DE PERSONA
Nombre de persona Simenon, Georges,
Fechas asociadas al nombre 1903-1989
9 (RLIN) 106467
245 10 - MENCIÓN DEL TÍTULO
Título Maigret y el hombre del banco /
Mención de responsabilidad, etc. Georges Simenon ; traducción de F. Cañameras.
260 ## - PUBLICACIÓN, DISTRIBUCIÓN, ETC.
Lugar de publicación, distribución, etc. Barcelona :
Nombre del editor, distribuidor, etc. Albor,
Fecha de publicación, distribución, etc. 1956.
300 ## - DESCRIPCIÓN FÍSICA
Extensión 235 p. ;
Dimensiones 17 cm.
490 1# - MENCIÓN DE SERIE
Mención de serie Col. tarántula
700 1# - ENTRADA AGREGADA--NOMBRE PERSONAL
Nombre de persona Canyameres, Ferran,
Fechas asociadas al nombre 1898-1964
9 (RLIN) 34731
830 0# - PUNTO DE ACCESO ADICIONAL DE SERIE-TÍTULO UNIFORME
Título uniforme Col. tarántula
9 (RLIN) 187371
852 ## - LOCALIZACIÓN
Ubicación ES-MaACL
Número de control de estantería C-12130
Sublocalización o colección R.39833
Holdings
Estatus retirado Estado de pérdida Estado de daño No para préstamo Biblioteca de origen Biblioteca actual Ubicación en estantería Fecha de adquisición Fuente de adquisición Total de préstamos Signatura topográfica completa Código de barras Visto por última vez Precio de reemplazo Tipo de ítem Koha
        Biblioteca del Ateneo de Madrid Biblioteca del Ateneo de Madrid Sala Palomar 17/01/2008     C-12130 1150562 23/02/2023 23/02/2023 Libro impreso